000 00366pab a2200145 454500
008 180718b1985 xxu||||| |||| 00| 0 eng d
100 _aDeman, Suresh
245 _aRegion - regionalization and regional planning
_bReview of techniques
260 _c1985
300 _a49-73
362 _aDec.
650 _aRegional Planning
773 _aAnvesak
909 _a17092
999 _c17092
_d17092